000
00332 a2200157 4500
001
61076
020
_a
8534220638
040
_c
Anchieta - Pituba
100
_a
Pacheco, M. Cristina G.
240
1
0
_a
Stand up!
_l
por
245
1
0
_a
Stand up!
300
_a
320
362
0
_a
2006
650
4
_a
Inglês e inglês antigo
942
_c
BK
999
_c
61076
_d
61076